[Event "Pavlodar op"]
[Site "Pavlodar"]
[Date "2014.12.02"]
[Round "3"]
[White "Sapozhnikov, Evgeny"]
[Black "Nakhbayeva, Guliskhan"]
[Result "0-1"]
[WhiteElo "2001"]
[BlackElo "2378"]
[PlyCount "44"]
[EventDate "2014.12.01"]
[EventType "swiss"]
[EventRounds "9"]
[EventCountry "KAZ"]
[SourceTitle "EXT 2016"]
[Source "ChessBase"]
[SourceDate "2015.10.08"]
[SourceVersion "1"]
[SourceVersionDate "2015.10.08"]
[SourceQuality "1"]

1. d4 Nf6 2. c4 e6 3. g3 d5 4. Bg2 dxc4 5. Qa4+ Nbd7 6. Qxc4 a6 7. Nf3 b5 8. Qc2 Bb7 9. 0-0 c5 10. Nc3 Rc8 11. dxc5 Bxc5 12. a3 0-0 13. b4 Ba7 14. Bb2 Nb6 15. Rad1 Qc7 16. Qb3 Nc4 17. Ba1 Ng4 18. e3 Nxf2 19. Kxf2 Nxe3 20. Rd3 Qb6 21. Ne4 Bxe4 22. Bd4 Ng4+ 0-1